Check out the impact (Record no. 72887)
[ view plain ]
| 000 -LEADER | |
|---|---|
| fixed length control field | 01840cam a2200265 4500 |
| 001 - CONTROL NUMBER | |
| control field | ABS66833 |
| 008 - FIXED-LENGTH DATA ELEMENTS--GENERAL INFORMATION | |
| fixed length control field | 030618n2003 000 0 eng u |
| 035 ## - SYSTEM CONTROL NUMBER | |
| System control number | (Sirsi) u122662 |
| 100 ## - MAIN ENTRY--PERSONAL NAME | |
| Personal name | Edwards, M. |
| 245 ## - TITLE STATEMENT | |
| Title | Check out the impact |
| 260 ## - PUBLICATION, DISTRIBUTION, ETC. | |
| Date of publication, distribution, etc. | 2003 |
| 490 ## - SERIES STATEMENT | |
| Series statement | Estates Gazette |
| Volume/sequential designation | (0323) 7 June 2003, 132(1) |
| 520 ## - SUMMARY, ETC. | |
| Summary, etc. | Comments on two recent cases which confirm that judicial challenges to Local Planning Authority (LPA) decisions based upon alleged failure to comply with the Town and Country Planning (Environment Impact Assessment) (England and Wales) Regulations 1999 remain common. In "R v North Yorkshire CC ex p Richardson" ([2003] EWHC 764 (Admin), [2003] 18 EG 113 (CS)) it was held that the council had taken environmental information into account in its decision to grant planning permission and although they failed to publish a statement of reasons on the appropriate register this did not require permission to be quashed. In "R v London Underground Ltd ex p Prokopp" ([2003] EWHC 960 (Admin), [2003] 19 EG 119 (CS)) it was found that the LPA's decision not to take an enforcement action and to seek a s106 agreement amounted to 'development consent' for the purposes of Directive 85/337/EEC (as amended). Therefore the requirement for an environmental impact assessment arose. |
| 590 ## - LOCAL NOTE (RLIN) | |
| Local note | ABS |
| 650 ## - SUBJECT ADDED ENTRY--TOPICAL TERM | |
| Topical term or geographic name entry element | R V NORTH YORKSHIRE CC EX P RICHARDSON |
| 650 ## - SUBJECT ADDED ENTRY--TOPICAL TERM | |
| Topical term or geographic name entry element | R V LONDON UNDERGROUND LTD EX P PROKOPP |
| 650 ## - SUBJECT ADDED ENTRY--TOPICAL TERM | |
| Topical term or geographic name entry element | TOWN AND COUNTRY PLANNING (ENVIRONMENTAL IMPACT ASSESSMENT) (ENGLAND AND WALES) REGULATIONS 1999 |
| 650 ## - SUBJECT ADDED ENTRY--TOPICAL TERM | |
| Topical term or geographic name entry element | TOWN AND COUNTRY PLANNING (GENERAL DEVELOPMENT PROCEDURE) ORDER 1995 |
| 650 ## - SUBJECT ADDED ENTRY--TOPICAL TERM | |
| Topical term or geographic name entry element | ENVIRONMENTAL IMPACT ASSESSMENTS |
| 650 ## - SUBJECT ADDED ENTRY--TOPICAL TERM | |
| Topical term or geographic name entry element | DEVELOPMENT CONSENTS |
| 650 ## - SUBJECT ADDED ENTRY--TOPICAL TERM | |
| Topical term or geographic name entry element | DIRECTIVE 85/337/EEC |
| 690 ## - LOCAL SUBJECT ADDED ENTRY--TOPICAL TERM (OCLC, RLIN) | |
| Topical term or geographic name as entry element | Planning and development |
| 9 (RLIN) | 6259 |
| 700 ## - ADDED ENTRY--PERSONAL NAME | |
| Personal name | Martin, J. |
| 942 ## - ADDED ENTRY ELEMENTS (KOHA) | |
| Suppress in OPAC | 0 |
| Withdrawn status | Lost status | Source of classification or shelving scheme | Damaged status | Not for loan | Home library | Current library | Shelving location | Date acquired | Total Checkouts | Full call number | Barcode | Date last seen | Copy number | Price effective from | Koha item type |
|---|---|---|---|---|---|---|---|---|---|---|---|---|---|---|---|
| Dewey Decimal Classification | London | London | Journal article | 18/06/2003 | ABS66833 | 122662-1001 | 06/08/2019 | 1 | 06/08/2019 | Journal article |